000 00856nam a2200205Ia 4500
001 11550
003 GE_BSU
008 181216s||||||||xx |||||||||||||| ||und||
040 _cGE_BSU
080 _a091(=35.1)
245 _aЭтнография.(коллекция Н.) Т. II.
245 _cСоставила и подготовила Л.И.Кутателадзе; под.ред: И.В.Абуладзе.
260 _aთბილისი.
260 _bსაქ.სსრ მეცნ.აკად.გამბა.
260 _c1951.
300 _a411გვ;26სმ.
520 _aსაქართველოს სახელმწიფო მუზეუმის ქართულ ხელნაწერთა აღწერილობა. ტ II.
653 _aЭтнография.(коллекция Н.) Т. II.
942 _cBK
999 _c44745
_d44745